[Event "Campeonatos de Espana Universitarios 20"]
[Site "Universidad de Alicante, Spai"]
[Date "2019.04.10"]
[Round "7.3"]
[White "Ruperez Benito, Antonio"]
[Black "Suarez Uriel, Adrian"]
[Result "0-1"]
[WhiteElo "2341"]
[BlackElo "2397"]
[PlyCount "102"]
[EventDate "2019.??.??"]

1. e4 {[%clk 00:40:06]  [%emt 00:00:05]} 1... c5 {
[%clk 00:40:07]  [%emt 00:00:03]} 2. Nf3 {[%clk 00:40:09]  [%emt 00:00:03]}
2... e6 {[%clk 00:40:11]  [%emt 00:00:03]} 3. b3 {[%clk 00:40:13]} 3... b6 {
[%clk 00:40:15]} 4. Bd3 {[%clk 00:39:58]  [%emt 00:00:17]} 4... Bb7 {
[%clk 00:40:19]  [%emt 00:00:21]} 5. O-O {[%clk 00:39:56]} 5... d6 {
[%clk 00:40:22]} 6. Bb2 {[%clk 00:39:18]  [%emt 00:00:32]} 6... Nd7 {
[%clk 00:40:21]  [%emt 00:00:33]} 7. c3 {[%clk 00:39:14]} 7... Ngf6 {
[%clk 00:40:17]} 8. Re1 {[%clk 00:39:18]} 8... Be7 {
[%clk 00:40:14]  [%emt 00:00:05]} 9. Bc2 {[%clk 00:39:20]} 9... O-O {
[%clk 00:40:15]  [%emt 00:00:06]} 10. d4 {[%clk 00:39:22]} 10... Qc7 {
[%clk 00:39:51]  [%emt 00:00:28]} 11. Nbd2 {[%clk 00:39:18]  [%emt 00:00:12]}
11... e5 {[%clk 00:39:40]  [%emt 00:00:15]} 12. Nf1 {
[%clk 00:38:47]  [%emt 00:00:34]} 12... Rac8 {[%clk 00:39:29]  [%emt 00:00:18]}
13. Bd3 {[%clk 00:38:26]  [%emt 00:00:24]} 13... Rfe8 {
[%clk 00:39:29]  [%emt 00:00:32]} 14. Ng3 {[%clk 00:37:20]  [%emt 00:00:43]}
14... Bf8 {[%clk 00:39:31]  [%emt 00:00:11]} 15. dxe5 {
[%clk 00:35:54]  [%emt 00:01:24]} 15... Nxe5 {[%clk 00:38:26]  [%emt 00:01:12]}
16. Nxe5 {[%clk 00:35:44]  [%emt 00:00:24]} 16... dxe5 {[%clk 00:38:29]} 17.
Bc4 {[%clk 00:35:45]} 17... Bc6 {[%clk 00:37:57]  [%emt 00:00:34]} 18. Qe2 {
[%clk 00:32:58]  [%emt 00:02:51]} 18... g6 {[%clk 00:37:54]  [%emt 00:00:35]}
19. Rad1 {[%clk 00:31:03]  [%emt 00:01:32]} 19... Bh6 {
[%clk 00:37:54]  [%emt 00:00:38]} 20. Bc1 {[%clk 00:28:00]  [%emt 00:02:35]}
20... Bf4 {[%clk 00:36:50]  [%emt 00:01:19]} 21. f3 {
[%clk 00:27:45]  [%emt 00:00:10]} 21... Bxc1 {[%clk 00:36:45]  [%emt 00:00:10]}
22. Rxc1 {[%clk 00:27:49]  [%emt 00:00:33]} 22... Rcd8 {[%clk 00:36:44]} 23. a4
{[%clk 00:26:33]  [%emt 00:00:55]} 23... Qe7 {[%clk 00:31:48]  [%emt 00:04:59]}
24. Rcd1 {[%clk 00:22:33]  [%emt 00:04:27]} 24... h5 {[%clk 00:31:40]} 25. Qe3
{[%clk 00:20:37]  [%emt 00:01:53]} 25... h4 {[%clk 00:25:26]  [%emt 00:06:19]}
26. Qh6 {[%clk 00:19:12]  [%emt 00:01:30]} 26... hxg3 {
[%clk 00:24:24]  [%emt 00:01:07]} 27. Qxg6+ {[%clk 00:19:14]  [%emt 00:00:19]}
27... Kh8 {[%clk 00:22:37]  [%emt 00:01:45]} 28. Qh6+ {
[%clk 00:17:43]  [%emt 00:01:27]} 28... Kg8 {[%clk 00:20:31]  [%emt 00:02:11]}
29. Qg6+ {[%clk 00:17:44]  [%emt 00:00:17]} 29... Kh8 {[%clk 00:20:34]} 30.
Qh6+ {[%clk 00:13:49]  [%emt 00:03:49]} 30... Nh7 {
[%clk 00:17:58]  [%emt 00:02:41]} 31. Qxc6 {[%clk 00:13:18]  [%emt 00:00:35]}
31... gxh2+ {[%clk 00:18:02]  [%emt 00:00:33]} 32. Kxh2 {
[%clk 00:12:14]  [%emt 00:00:37]} 32... Qh4+ {[%clk 00:17:04]  [%emt 00:01:04]}
33. Kg1 {[%clk 00:12:16]  [%emt 00:00:13]} 33... Qf4 {
[%clk 00:16:56]  [%emt 00:00:05]} 34. Qc7 {[%clk 00:10:55]  [%emt 00:01:24]}
34... Rxd1 {[%clk 00:16:55]  [%emt 00:00:39]} 35. Rxd1 {[%clk 00:10:59]} 35...
Ng5 {[%clk 00:16:57]} 36. Rd8 {[%clk 00:05:43]  [%emt 00:04:51]} 36... Nxf3+ {
[%clk 00:16:58]  [%emt 00:00:19]} 37. Kf1 {[%clk 00:04:15]  [%emt 00:01:22]}
37... Ng5+ {[%clk 00:15:42]  [%emt 00:01:17]} 38. Kg1 {
[%clk 00:02:37]  [%emt 00:01:44]} 38... Qc1+ {[%clk 00:14:26]  [%emt 00:01:24]}
39. Kh2 {[%clk 00:02:41]} 39... Nf3+ {[%clk 00:14:08]  [%emt 00:00:22]} 40. Kg3
{[%clk 00:02:22]  [%emt 00:00:29]} 40... Qg5+ {[%clk 00:13:19]  [%emt 00:00:46]
} 41. Kxf3 {[%clk 00:02:26]  [%emt 00:00:05]} 41... Qxd8 {
[%clk 00:12:36]  [%emt 00:00:45]} 42. Qc6 {[%clk 00:02:11]  [%emt 00:00:20]}
42... Kg7 {[%clk 00:12:25]  [%emt 00:00:15]} 43. a5 {
[%clk 00:01:59]  [%emt 00:00:26]} 43... Qf6+ {[%clk 00:12:27]} 44. Qxf6+ {
[%clk 00:01:59]  [%emt 00:00:03]} 44... Kxf6 {[%clk 00:12:31]} 45. a6 {
[%clk 00:01:58]  [%emt 00:00:06]} 45... Rb8 {[%clk 00:12:21]  [%emt 00:00:35]}
46. Bd5 {[%clk 00:02:00]} 46... b5 {[%clk 00:12:23]} 47. Bb7 {
[%clk 00:01:26]  [%emt 00:00:28]} 47... Rd8 {[%clk 00:12:23]} 48. Ke3 {
[%clk 00:00:24]  [%emt 00:01:07]} 48... Rd6 {[%clk 00:12:26]  [%emt 00:00:35]}
49. Bc8 {[%clk 00:00:14]  [%emt 00:00:06]} 49... Kg5 {[%clk 00:12:21]} 50. g3 {
[%clk 00:00:18]} 50... f6 {[%clk 00:12:22]} 51. Ke2 {
[%clk 00:00:16]  [%emt 00:00:04]} 51... c4 {[%clk 00:12:04]  [%emt 00:00:24]}
0-1

[Event "Campeonatos de Espana Universitarios 20"]
[Site "Universidad de Alicante, Spai"]
[Date "2019.04.10"]
[Round "7.4"]
[White "Bayo Milagro, Alvaro"]
[Black "Cruz Lledo, Pablo"]
[Result "1-0"]
[WhiteElo "2333"]
[BlackElo "2436"]
[PlyCount "133"]
[EventDate "2019.??.??"]

1. c4 {[%clk 00:40:08]  [%emt 00:00:11]} 1... e5 {[%clk 00:40:09]} 2. Nc3 {
[%clk 00:40:10]  [%emt 00:00:03]} 2... Nf6 {[%clk 00:40:11]} 3. Nf3 {
[%clk 00:40:07]  [%emt 00:00:06]} 3... Nc6 {[%clk 00:40:09]  [%emt 00:00:16]}
4. e4 {[%clk 00:40:09]} 4... Bc5 {[%clk 00:40:06]  [%emt 00:00:03]} 5. Nxe5 {
[%clk 00:40:10]} 5... Nxe5 {[%clk 00:39:42]  [%emt 00:00:29]} 6. d4 {
[%clk 00:40:12]} 6... Bxd4 {[%clk 00:39:14]  [%emt 00:00:40]} 7. Qxd4 {
[%clk 00:40:04]} 7... d6 {[%clk 00:39:18]  [%emt 00:00:41]} 8. Bg5 {
[%clk 00:39:40]} 8... Be6 {[%clk 00:37:58]  [%emt 00:01:28]} 9. O-O-O {
[%clk 00:39:11]} 9... h6 {[%clk 00:34:21]  [%emt 00:04:12]} 10. Bh4 {
[%clk 00:38:48]} 10... Ng6 {[%clk 00:34:14]  [%emt 00:00:42]} 11. Bg3 {
[%clk 00:38:38]} 11... Nh5 {[%clk 00:33:27]  [%emt 00:01:06]} 12. Be2 {
[%clk 00:38:29]} 12... Nxg3 {[%clk 00:33:17]  [%emt 00:00:28]} 13. hxg3 {
[%clk 00:38:32]} 13... O-O {[%clk 00:33:11]  [%emt 00:00:31]} 14. f4 {
[%clk 00:38:10]} 14... Bd7 {[%clk 00:32:34]  [%emt 00:00:52]} 15. Rh5 {
[%clk 00:37:08]} 15... Bc6 {[%clk 00:31:52]  [%emt 00:01:53]} 16. Rdh1 {
[%clk 00:36:10]} 16... Qe7 {[%clk 00:31:51]  [%emt 00:01:13]} 17. Bg4 {
[%clk 00:34:38]} 17... Rfe8 {[%clk 00:31:35]  [%emt 00:01:56]} 18. Bf5 {
[%clk 00:34:37]} 18... a6 {[%clk 00:30:12]  [%emt 00:01:35]} 19. Qd2 {
[%clk 00:33:29]} 19... b5 {[%clk 00:29:38]  [%emt 00:01:57]} 20. g4 {
[%clk 00:32:57]} 20... b4 {[%clk 00:29:25]  [%emt 00:01:08]} 21. Nd5 {
[%clk 00:32:11]  [%emt 00:00:41]} 21... Bxd5 {[%clk 00:29:27]  [%emt 00:00:11]}
22. cxd5 {[%clk 00:32:14]} 22... c6 {[%clk 00:20:53]  [%emt 00:08:24]} 23. g5 {
[%clk 00:29:40]  [%emt 00:02:38]} 23... cxd5 {[%clk 00:19:09]  [%emt 00:01:50]}
24. gxh6 {[%clk 00:29:24]  [%emt 00:00:38]} 24... Rac8+ {
[%clk 00:09:06]  [%emt 00:09:50]} 25. Kb1 {[%clk 00:28:44]  [%emt 00:00:44]}
25... Rc4 {[%clk 00:07:06]  [%emt 00:02:06]} 26. hxg7 {
[%clk 00:27:57]  [%emt 00:00:51]} 26... Rxe4 {[%clk 00:06:42]  [%emt 00:00:29]}
27. Bxe4 {[%clk 00:22:01]  [%emt 00:06:00]} 27... Qxe4+ {
[%clk 00:06:34]  [%emt 00:00:40]} 28. Qc2 {[%clk 00:21:41]  [%emt 00:00:04]}
28... Kxg7 {[%clk 00:03:29]  [%emt 00:03:06]} 29. g3 {
[%clk 00:20:05]  [%emt 00:01:51]} 29... Qxc2+ {[%clk 00:01:05]  [%emt 00:02:20]
} 30. Kxc2 {[%clk 00:20:07]  [%emt 00:00:10]} 30... Re2+ {[%clk 00:01:09]} 31.
Kc1 {[%clk 00:19:57]  [%emt 00:00:11]} 31... Rg2 {
[%clk 00:00:33]  [%emt 00:00:38]} 32. Rg5 {[%clk 00:19:54]  [%emt 00:00:17]}
32... Kf6 {[%clk 00:00:26]  [%emt 00:00:08]} 33. Rd1 {
[%clk 00:19:24]  [%emt 00:00:29]} 33... Ne7 {[%clk 00:00:30]  [%emt 00:00:10]}
34. Rd2 {[%clk 00:19:23]  [%emt 00:00:04]} 34... Rg1+ {
[%clk 00:00:32]  [%emt 00:00:03]} 35. Kc2 {[%clk 00:19:26]} 35... Ke6 {
[%clk 00:00:21]  [%emt 00:00:16]} 36. Kb3 {[%clk 00:19:20]  [%emt 00:00:09]}
36... f6 {[%clk 00:00:13]  [%emt 00:00:11]} 37. Rg7 {
[%clk 00:19:09]  [%emt 00:00:16]} 37... Nc6 {[%clk 00:00:10]  [%emt 00:00:27]}
38. Rc7 {[%clk 00:12:36]  [%emt 00:06:19]} 38... Rxg3+ {
[%clk 00:00:13]  [%emt 00:00:07]} 39. Ka4 {[%clk 00:12:40]} 39... Nd8 {
[%clk 00:00:17]} 40. Re2+ {[%clk 00:12:42]} 40... Kf5 {[%clk 00:00:21]} 41.
Kxb4 {[%clk 00:12:25]  [%emt 00:00:23]} 41... Ne6 {
[%clk 00:00:21]  [%emt 00:00:31]} 42. Ra7 {[%clk 00:10:27]  [%emt 00:02:11]}
42... Nxf4 {[%clk 00:00:23]} 43. Rd2 {[%clk 00:10:26]} 43... Nd3+ {
[%clk 00:00:17]  [%emt 00:00:04]} 44. Ka5 {[%clk 00:10:20]} 44... Ke5 {
[%clk 00:00:12]  [%emt 00:00:07]} 45. Re7+ {[%clk 00:10:02]  [%emt 00:00:19]}
45... Kd4 {[%clk 00:00:11]  [%emt 00:00:27]} 46. Kxa6 {[%clk 00:10:02]} 46...
f5 {[%clk 00:00:13]  [%emt 00:00:07]} 47. Rf7 {[%clk 00:04:21]  [%emt 00:05:30]
} 47... f4 {[%clk 00:00:17]} 48. Rxf4+ {[%clk 00:03:52]  [%emt 00:00:30]} 48...
Ke3 {[%clk 00:00:21]  [%emt 00:00:33]} 49. Rxd3+ {
[%clk 00:03:43]  [%emt 00:00:07]} 49... Kxd3 {[%clk 00:00:21]} 50. b4 {
[%clk 00:03:43]} 50... d4 {[%clk 00:00:14]  [%emt 00:00:03]} 51. b5 {
[%clk 00:03:46]} 51... Kc4 {[%clk 00:00:18]} 52. a4 {
[%clk 00:03:28]  [%emt 00:00:21]} 52... Kc5 {[%clk 00:00:13]  [%emt 00:00:11]}
53. b6 {[%clk 00:03:11]  [%emt 00:00:37]} 53... Rb3 {[%clk 00:00:17]} 54. Rf5+
{[%clk 00:02:31]  [%emt 00:00:30]} 54... Kc6 {[%clk 00:00:15]  [%emt 00:00:10]}
55. Rb5 {[%clk 00:02:29]  [%emt 00:00:06]} 55... Ra3 {
[%clk 00:00:10]  [%emt 00:00:24]} 56. a5 {[%clk 00:02:29]} 56... d3 {
[%clk 00:00:13]} 57. b7 {[%clk 00:02:28]} 57... d2 {
[%clk 00:00:17]  [%emt 00:00:03]} 58. Rb1 {[%clk 00:02:30]  [%emt 00:00:17]}
58... Rb3 {[%clk 00:00:16]} 59. Rxb3 {[%clk 00:02:23]  [%emt 00:00:04]} 59...
d1=Q {[%clk 00:00:20]} 60. Rb6+ {[%clk 00:02:19]  [%emt 00:00:09]} 60... Kc5 {
[%clk 00:00:12]  [%emt 00:00:13]} 61. b8=Q {[%clk 00:02:21]  [%emt 00:00:04]}
61... Qf1+ {[%clk 00:00:07]  [%emt 00:00:06]} 62. Ka7 {
[%clk 00:02:22]  [%emt 00:00:32]} 62... d5 {[%clk 00:00:10]} 63. Qd6+ {
[%clk 00:02:19]  [%emt 00:00:06]} 63... Kc4 {[%clk 00:00:14]} 64. Rb4+ {
[%clk 00:02:06]} 64... Kc3 {[%clk 00:00:16]  [%emt 00:00:15]} 65. Qc5+ {
[%clk 00:02:08]} 65... Kd3 {[%clk 00:00:19]} 66. Qxd5+ {
[%clk 00:02:10]  [%emt 00:00:03]} 66... Kc3 {[%clk 00:00:23]} 67. Qc5+ {
[%clk 00:02:13]  [%emt 00:00:03]} 1-0

[Event "Campeonatos de Espana Universitarios 20"]
[Site "Universidad de Alicante, Spai"]
[Date "2019.04.10"]
[Round "7.5"]
[White "Sanchez Gonzalez, Sergio"]
[Black "Gutierrez Valero, Mario"]
[Result "1/2-1/2"]
[WhiteElo "2358"]
[BlackElo "2220"]
[PlyCount "76"]
[EventDate "2019.??.??"]

1. Nf3 {[%clk 00:39:57]  [%emt 00:00:13]} 1... Nf6 {
[%clk 00:40:09]  [%emt 00:00:05]} 2. c4 {[%clk 00:39:59]  [%emt 00:00:04]} 2...
g6 {[%clk 00:40:12]} 3. g3 {[%clk 00:40:02]  [%emt 00:00:06]} 3... Bg7 {
[%clk 00:40:17]} 4. Bg2 {[%clk 00:40:04]} 4... O-O {
[%clk 00:40:20]  [%emt 00:00:08]} 5. O-O {[%clk 00:39:57]  [%emt 00:00:06]}
5... d6 {[%clk 00:40:23]} 6. d4 {[%clk 00:39:59]  [%emt 00:00:05]} 6... Nc6 {
[%clk 00:40:24]  [%emt 00:00:04]} 7. Nc3 {[%clk 00:39:59]  [%emt 00:00:05]}
7... a6 {[%clk 00:40:28]} 8. h3 {[%clk 00:39:55]  [%emt 00:00:09]} 8... Bd7 {
[%clk 00:40:19]  [%emt 00:00:11]} 9. Be3 {[%clk 00:39:39]  [%emt 00:00:22]}
9... Rb8 {[%clk 00:39:24]  [%emt 00:01:01]} 10. Rc1 {
[%clk 00:39:38]  [%emt 00:00:05]} 10... e5 {[%clk 00:37:15]  [%emt 00:02:14]}
11. dxe5 {[%clk 00:39:12]  [%emt 00:00:35]} 11... Nxe5 {
[%clk 00:35:37]  [%emt 00:01:41]} 12. Nxe5 {[%clk 00:35:58]  [%emt 00:03:25]}
12... dxe5 {[%clk 00:34:47]  [%emt 00:00:47]} 13. Kh2 {
[%clk 00:36:01]  [%emt 00:00:05]} 13... Qe7 {[%clk 00:23:04]  [%emt 00:11:44]}
14. Nd5 {[%clk 00:34:22]  [%emt 00:01:45]} 14... Nxd5 {
[%clk 00:23:07]  [%emt 00:00:05]} 15. cxd5 {[%clk 00:34:26]} 15... Rfc8 {
[%clk 00:23:01]  [%emt 00:00:10]} 16. Qb3 {[%clk 00:31:09]  [%emt 00:03:21]}
16... Qe8 {[%clk 00:21:44]  [%emt 00:01:22]} 17. Ba7 {
[%clk 00:27:06]  [%emt 00:04:09]} 17... Ba4 {[%clk 00:21:34]  [%emt 00:00:14]}
18. Qe3 {[%clk 00:27:10]  [%emt 00:00:06]} 18... Ra8 {
[%clk 00:21:04]  [%emt 00:00:34]} 19. d6 {[%clk 00:27:05]  [%emt 00:00:07]}
19... cxd6 {[%clk 00:15:50]  [%emt 00:05:18]} 20. Bxb7 {
[%clk 00:27:07]  [%emt 00:00:07]} 20... Rxc1 {[%clk 00:15:35]  [%emt 00:00:17]}
21. Rxc1 {[%clk 00:27:10]} 21... Rd8 {[%clk 00:15:39]  [%emt 00:00:06]} 22.
Bxa6 {[%clk 00:24:57]  [%emt 00:02:19]} 22... d5 {
[%clk 00:12:59]  [%emt 00:02:40]} 23. Qb6 {[%clk 00:22:03]  [%emt 00:02:59]}
23... e4 {[%clk 00:11:29]  [%emt 00:01:36]} 24. b3 {
[%clk 00:19:01]  [%emt 00:03:07]} 24... Bd7 {[%clk 00:11:32]  [%emt 00:00:08]}
25. a4 {[%clk 00:18:09]  [%emt 00:00:51]} 25... d4 {
[%clk 00:10:46]  [%emt 00:00:51]} 26. Rd1 {[%clk 00:16:07]  [%emt 00:02:07]}
26... Be6 {[%clk 00:08:20]  [%emt 00:02:37]} 27. Bb7 {
[%clk 00:14:16]  [%emt 00:01:49]} 27... Qe7 {[%clk 00:06:54]  [%emt 00:01:36]}
28. Bxe4 {[%clk 00:11:19]  [%emt 00:03:06]} 28... Rd7 {
[%clk 00:06:21]  [%emt 00:00:29]} 29. Bb8 {[%clk 00:08:14]  [%emt 00:03:10]}
29... Bxb3 {[%clk 00:06:23]  [%emt 00:00:05]} 30. Qxb3 {
[%clk 00:06:04]  [%emt 00:02:14]} 30... Qxe4 {[%clk 00:06:26]} 31. Qd3 {
[%clk 00:06:08]  [%emt 00:00:08]} 31... Qa8 {[%clk 00:05:40]  [%emt 00:00:45]}
32. Bf4 {[%clk 00:05:16]  [%emt 00:01:00]} 32... Qxa4 {
[%clk 00:05:37]  [%emt 00:00:04]} 33. Rb1 {[%clk 00:05:16]  [%emt 00:00:13]}
33... h5 {[%clk 00:04:56]  [%emt 00:00:38]} 34. Rb8+ {
[%clk 00:04:54]  [%emt 00:00:29]} 34... Kh7 {[%clk 00:04:48]  [%emt 00:00:13]}
35. Qe4 {[%clk 00:04:54]  [%emt 00:00:07]} 35... Ra7 {
[%clk 00:02:56]  [%emt 00:01:56]} 36. Qd5 {[%clk 00:04:22]  [%emt 00:00:35]}
36... Qd7 {[%clk 00:02:45]  [%emt 00:00:16]} 37. Qxd7 {
[%clk 00:03:00]  [%emt 00:01:27]} 37... Rxd7 {[%clk 00:02:48]} 38. Kg2 {
[%clk 00:02:31]  [%emt 00:01:11]} 38... d3 {[%clk 00:02:45]} 1/2-1/2

[Event "Campeonatos de Espana Universitarios 20"]
[Site "Universidad de Alicante, Spai"]
[Date "2019.04.10"]
[Round "7.6"]
[White "Gimenez Menchon, Cesar"]
[Black "Taboas Rodriguez, Daniel"]
[Result "1-0"]
[WhiteElo "2249"]
[BlackElo "2423"]
[PlyCount "117"]
[EventDate "2019.??.??"]

1. e4 {[%clk 00:40:07]  [%emt 00:00:12]} 1... e6 {[%clk 00:40:10]} 2. d4 {
[%clk 00:40:10]} 2... d5 {[%clk 00:40:14]} 3. Bd3 {[%clk 00:40:12]} 3... dxe4 {
[%clk 00:40:14]  [%emt 00:00:08]} 4. Bxe4 Nf6 {[%clk 00:40:19]  [%emt 00:00:03]
} 5. Bf3 {[%clk 00:40:18]} 5... Nbd7 {[%clk 00:40:10]  [%emt 00:00:10]} 6. Ne2
{[%clk 00:39:32]  [%emt 00:00:49]} 6... e5 {[%clk 00:40:13]  [%emt 00:00:08]}
7. O-O {[%clk 00:37:23]  [%emt 00:02:10]} 7... Be7 {
[%clk 00:39:54]  [%emt 00:00:24]} 8. Ng3 {[%clk 00:36:10]  [%emt 00:01:16]}
8... O-O {[%clk 00:39:46]  [%emt 00:00:38]} 9. Nf5 {
[%clk 00:33:25]  [%emt 00:02:26]} 9... Re8 {[%clk 00:39:19]  [%emt 00:00:32]}
10. Nxe7+ {[%clk 00:32:45]  [%emt 00:00:43]} 10... Qxe7 {
[%clk 00:39:18]  [%emt 00:00:38]} 11. Re1 {[%clk 00:31:47]  [%emt 00:00:32]}
11... Qb4 {[%clk 00:37:10]  [%emt 00:02:13]} 12. c3 {
[%clk 00:27:23]  [%emt 00:04:31]} 12... Qb6 {[%clk 00:36:43]  [%emt 00:00:30]}
13. Nd2 {[%clk 00:24:40]  [%emt 00:02:48]} 13... exd4 {
[%clk 00:35:46]  [%emt 00:01:01]} 14. Rxe8+ {[%clk 00:24:40]  [%emt 00:00:08]}
14... Nxe8 {[%clk 00:35:49]  [%emt 00:00:03]} 15. Nc4 {
[%clk 00:24:02]  [%emt 00:00:41]} 15... Qe6 {[%clk 00:34:27]  [%emt 00:01:28]}
16. Na5 {[%clk 00:19:14]  [%emt 00:04:50]} 16... dxc3 {
[%clk 00:31:16]  [%emt 00:03:17]} 17. bxc3 {[%clk 00:19:17]  [%emt 00:00:40]}
17... Nd6 {[%clk 00:29:48]  [%emt 00:00:54]} 18. Bf4 {
[%clk 00:18:23]  [%emt 00:00:58]} 18... Ne5 {[%clk 00:26:55]  [%emt 00:02:59]}
19. Bd5 {[%clk 00:11:59]  [%emt 00:06:29]} 19... Qf6 {
[%clk 00:23:48]  [%emt 00:03:12]} 20. Qd4 {[%clk 00:11:53]  [%emt 00:00:41]}
20... Nd7 {[%clk 00:20:49]  [%emt 00:02:34]} 21. Re1 {
[%clk 00:10:04]  [%emt 00:01:54]} 21... Kf8 {[%clk 00:11:31]  [%emt 00:09:24]}
22. Qe3 {[%clk 00:08:43]  [%emt 00:01:25]} 22... Qd8 {
[%clk 00:11:05]  [%emt 00:00:44]} 23. Qf3 {[%clk 00:05:10]  [%emt 00:03:25]}
23... Nf6 {[%clk 00:08:51]  [%emt 00:02:20]} 24. Nxb7 {
[%clk 00:04:11]  [%emt 00:01:02]} 24... Nxb7 {[%clk 00:08:25]  [%emt 00:00:34]}
25. Bxb7 {[%clk 00:04:04]  [%emt 00:00:09]} 25... Bxb7 {
[%clk 00:08:23]  [%emt 00:00:30]} 26. Qxb7 {[%clk 00:04:07]} 26... Qd5 {
[%clk 00:08:19]  [%emt 00:00:13]} 27. Qxc7 {[%clk 00:03:38]  [%emt 00:00:09]}
27... Qxa2 {[%emt 00:01:43]} 28. h3 {[%clk 00:02:41]} 28... a5 {
[%clk 00:03:09]  [%emt 00:04:39]} 29. c4 {[%clk 00:02:44]  [%emt 00:00:07]}
29... h5 {[%clk 00:02:32]  [%emt 00:00:44]} 30. Re7 {
[%clk 00:02:33]  [%emt 00:00:09]} 30... Qb1+ {[%clk 00:02:27]  [%emt 00:00:25]}
31. Kh2 {[%clk 00:02:34]} 31... Qg6 {[%clk 00:02:30]} 32. Bd6 {
[%clk 00:01:41]  [%emt 00:00:51]} 32... Kg8 {[%clk 00:02:33]  [%emt 00:00:30]}
33. Qb7 {[%clk 00:01:16]  [%emt 00:00:03]} 33... Re8 {
[%clk 00:00:59]  [%emt 00:01:40]} 34. c5 {[%clk 00:01:01]  [%emt 00:00:16]}
34... Rxe7 {[%clk 00:01:00]  [%emt 00:00:09]} 35. Qxe7 {
[%clk 00:01:02]  [%emt 00:00:03]} 35... Qe4 {[%clk 00:00:32]  [%emt 00:00:30]}
36. Qd8+ {[%clk 00:00:40]  [%emt 00:00:26]} 36... Kh7 {[%clk 00:00:36]} 37.
Qxa5 {[%clk 00:00:41]  [%emt 00:00:12]} 37... h4 {[%clk 00:00:38]} 38. Qc7 {
[%clk 00:00:32]  [%emt 00:00:20]} 38... Qd5 {[%clk 00:00:26]  [%emt 00:00:08]}
39. Qe7 {[%clk 00:00:25]  [%emt 00:00:35]} 39... Kg6 {
[%clk 00:00:18]  [%emt 00:00:03]} 40. Be5 {[%clk 00:00:15]  [%emt 00:00:08]}
40... Nd7 {[%clk 00:00:14]  [%emt 00:00:06]} 41. Qd6+ {
[%clk 00:00:15]  [%emt 00:00:12]} 41... Qxd6 {[%clk 00:00:18]} 42. Bxd6 {
[%clk 00:00:19]} 42... Kf5 {[%clk 00:00:18]} 43. c6 {
[%clk 00:00:18]  [%emt 00:00:08]} 43... Nb6 {[%clk 00:00:23]} 44. c7 {
[%clk 00:00:15]  [%emt 00:00:04]} 44... g5 {[%clk 00:00:21]  [%emt 00:00:05]}
45. Be7 {[%clk 00:00:13]  [%emt 00:00:09]} 45... Nc8 {
[%clk 00:00:18]  [%emt 00:00:06]} 46. Bd8 {[%clk 00:00:16]  [%emt 00:00:06]}
46... Nd6 {[%clk 00:00:22]} 47. Kg1 {[%clk 00:00:14]  [%emt 00:00:31]} 47...
Kf4 {[%clk 00:00:18]  [%emt 00:00:03]} 48. Kf1 {[%clk 00:00:12]} 48... f5 {
[%clk 00:00:21]} 49. Ke2 {[%clk 00:00:13]} 49... Nc8 {[%emt 00:00:26]} 50. Kd3
{[%clk 00:00:10]} 50... g4 {[%clk 00:00:11]  [%emt 00:00:11]} 51. Bxh4 {
[%clk 00:00:11]} 51... gxh3 {[%clk 00:00:14]} 52. gxh3 {[%clk 00:00:15]} 52...
Kf3 {[%clk 00:00:16]} 53. Kd4 {[%clk 00:00:09]  [%emt 00:00:10]} 53... Kg2 {
[%clk 00:00:18]  [%emt 00:00:03]} 54. Ke5 {[%clk 00:00:11]} 54... Kxh3 {
[%clk 00:00:22]} 55. Bg3 {[%clk 00:00:13]  [%emt 00:00:03]} 55... Kg4 {
[%clk 00:00:25]  [%emt 00:00:03]} 56. Bf4 {[%clk 00:00:11]  [%emt 00:00:04]}
56... Nb6 {[%clk 00:00:29]  [%emt 00:00:18]} 57. Be3 {
[%clk 00:00:11]  [%emt 00:00:06]} 57... Nc8 {[%clk 00:00:27]} 58. Ke6 {
[%clk 00:00:14]} 58... f4 {[%clk 00:00:31]} 59. Bc5 {
[%clk 00:00:11]  [%emt 00:00:04]} 1-0